000 00496nam a22001697a 4500
005 20251108165234.0
008 250721s1985 xx 000 0 ara d
082 1 4 _a956.94/ظاه
100 1 _aظاهر، أحمد جمال
245 1 0 _aبين الفكرين العربي والصهيوني /
264 1 _aعمان :
_bدار ابن رشد،
_c1985.
300 _a214ص.
650 1 7 _aالصهيونية
700 1 _aالزعبي، محمود علي
942 _2ddc
_cBK
999 _c22926
_d22926